دراسة قياس تنافسية الصادرات والواردات المصرية عام 2018/
تواجه الصادرات المصرية تنافسية كبيرة على الصعيد العالمى الأمر الذى يتطلب الارتفاع بمستوى جودة السلع الصناعية التى يتم تصديرها للخارج، مما يساعد على تحسين القدرة التنافسية لهذة السلع وذلك من خلال إتباع استراتيجيات عامة تحقق الميزة التنافسية....
Saved in:
| 主要作者: | |
|---|---|
| 格式: | Thesis 图书 |
| 语言: | 阿拉伯语 |
| 出版: |
القاهرة :
الجهاز المركزى للتعبئة العامة والإحصاء.
2021
|
| 主题: | |
| 标签: |
添加标签
没有标签, 成为第一个标记此记录!
|
MARC
| LEADER | 00000nam a2200000 i 4500 | ||
|---|---|---|---|
| 003 | INP | ||
| 005 | 20211129102537.0 | ||
| 008 | 170807u2021uuuuua a bs i000 0 ara d | ||
| 952 | |0 0 |1 0 |4 0 |6 338_196200000000000_د_ر_2018 |7 0 |9 21335 |a INP |b INP |c MAIN |d 2021-11-21 |l 0 |o 338.1962 د ر 2018 |p 022340 |r 2022-03-28 00:00:00 |w 2021-11-21 |y PUB |0 0 | ||
| 999 | |c 17300 |d 17300 | ||
| 040 | |a EG-INP |c EG-INP |b ara | ||
| 082 | 0 | 4 | |a 338.1962 |b د ر 2018 |2 21 |
| 100 | |a الجهاز المركزى للتعبئة العامة والإحصاء | ||
| 245 | 0 | 0 | |a دراسة قياس تنافسية الصادرات والواردات المصرية عام 2018/ |c الجهاز المركزى للتعبئة العامة والإحصاء |
| 260 | |a القاهرة : |b الجهاز المركزى للتعبئة العامة والإحصاء. |c 2021 | ||
| 300 | |a مج : |b ايض. ؛ |c 30 سم. | ||
| 500 | |a "2018-مرجع رقم 80-23421." | ||
| 500 | |a إصدار أغسطس 2021. | ||
| 502 | |a بني الوصف عام 2018. | ||
| 520 | |a تواجه الصادرات المصرية تنافسية كبيرة على الصعيد العالمى الأمر الذى يتطلب الارتفاع بمستوى جودة السلع الصناعية التى يتم تصديرها للخارج، مما يساعد على تحسين القدرة التنافسية لهذة السلع وذلك من خلال إتباع استراتيجيات عامة تحقق الميزة التنافسية. | ||
| 546 | |a نص بالعربية و ملخص بالإنجليزية . | ||
| 650 | 7 | |a الصادرات |2 qrmak | |
| 650 | 7 | |a التجارة الخارجية |2 qrmak | |
| 650 | 7 | |a الواردات |2 qrmak |z مصر | |
| 650 | 7 | |a التنافسية |2 qrmak | |
| 901 | |a egpv33 | ||
| 902 | |a egpv34 | ||
| 903 | |a copycat | ||
| 942 | |c PUB |2 ddc | ||